000
00285nam a22001337a 4500
008
180112b xxu||||| |||| 00| 0 eng d
020
_a
9780023080401
041
_a
eng
080
_a
159.9
100
_a
48
101
_a
PSI
245
_a
Psychology
_c
Benjamin, L.T
942
_2
udc
_c
BK
999
_c
40223
_d
40223